Techno cops [videorecording] / (Record no. 6957)
[ view plain ]
| 000 -LEADER | |
|---|---|
| fixed length control field | 00943nam a22001937a 4500 |
| 008 - FIXED-LENGTH DATA ELEMENTS--GENERAL INFORMATION | |
| fixed length control field | 170706b xxu||||| |||| 00| 0 eng d |
| 082 ## - DEWEY DECIMAL CLASSIFICATION NUMBER | |
| Edition number | 2007 |
| Classification number | AV-CD 363.232 |
| Item number | Ev93 |
| 100 ## - MAIN ENTRY--PERSONAL NAME | |
| 9 (RLIN) | 21065 |
| Personal name | Everest, Mark |
| Dates associated with a name | Writer and Director |
| 245 ## - TITLE STATEMENT | |
| Title | Techno cops [videorecording] / |
| Statement of responsibility, etc. | Directed and Written by Mark Everest. |
| 260 ## - PUBLICATION, DISTRIBUTION, ETC. (IMPRINT) | |
| Place of publication, distribution, etc. | Maryland: |
| Name of publisher, distributor, etc. | Discovery Communications, Inc. |
| Date of publication, distribution, etc. | c2007. |
| 300 ## - PHYSICAL DESCRIPTION | |
| Extent | 1 videodisc: |
| Other physical details | sd., col. ; |
| Dimensions | 4 3/4 in. |
| 306 ## - PLAYING TIME | |
| Playing time | 50 min. : |
| 440 ## - SERIES STATEMENT/ADDED ENTRY--TITLE | |
| 9 (RLIN) | 21067 |
| Title | Discovery Channel |
| 520 ## - SUMMARY, ETC. | |
| Summary, etc. | In the last 20 years, in virtually every country in the world, law enforcement has changed dramatically. The role of technology has increased to such am extent that today's police enforcement looks more James Bond. These "techno cops" utilize radical new technology to solve crime and catch criminals. |
| 650 #0 - SUBJECT ADDED ENTRY--TOPICAL TERM | |
| 9 (RLIN) | 21068 |
| Topical term or geographic name as entry element | Police |
| General subdivision | Equipment and supplies |
| 650 #0 - SUBJECT ADDED ENTRY--TOPICAL TERM | |
| 9 (RLIN) | 21069 |
| Topical term or geographic name as entry element | Technology |
| 365 ## - TRADE PRICE | |
| Price amount | 750.00 |
| Currency code | Php |
| 942 ## - ADDED ENTRY ELEMENTS (KOHA) | |
| Source of classification or shelving scheme | Dewey Decimal Classification |
| Koha item type | Compact Disc |
| Withdrawn status | Lost status | Source of classification or shelving scheme | Damaged status | Not for loan | Collection code | Home library | Current library | Date acquired | Source of acquisition | Cost, normal purchase price | Total Checkouts | Full call number | Barcode | Date last seen | Copy number | Price effective from | Koha item type |
|---|---|---|---|---|---|---|---|---|---|---|---|---|---|---|---|---|---|
| Dewey Decimal Classification | AV-CD | UM Digos College - LIC | UM Digos College - LIC | 07/25/2016 | Purchased | 750.00 | AV-CD 363.232 Ev93 2007 | 0500 | 05/15/2025 | 1 | 07/06/2017 | Compact Disc |
